000
00334 a2200145 4500
005
20250317102608.0
020
_a
0 406 21409 3
082
_a
348.022 HAL
245
_a
Halsbury's Statutes
250
_a
4th Ed.
260
_a
London,
_b
Butterworths,
_c
1993.
300
_a
1955p.
_b
Index.
_c
26cm.
700
_a
DAVIES, A.
942
_2
ddc
_c
BKS
999
_c
757
_d
757